000 00600nam a2200205Ia 4500
001 4379
003 GE_BSU
008 181216s||||||||xx |||||||||||||| ||und||
020 _a5247000013
040 _cGE_BSU
080 _a55+553.981(038)
245 _aСловарь по геологии нефти и газа.
245 _cРед. колл. К.А.Черников (отв. ред) и др.
260 _aЛ.
260 _bНедра.
260 _c1988.
300 _a679 стр. 22 см. с илл.
653 _aСловарь по геологии нефти и газа.
942 _cBK
999 _c38369
_d38369